| 000 | 01365cam a2200337 i 4500 | ||
|---|---|---|---|
| 999 |
_c234541 _d234541 |
||
| 001 | 17597941 | ||
| 003 | Nust | ||
| 005 | 20170322131237.0 | ||
| 008 | 130122s2013 nyua b 001 0 eng | ||
| 010 | _a 2012051453 | ||
| 020 | _a978-81-261-3269-0 | ||
| 040 | _cASAB | ||
| 042 | _apcc | ||
| 050 | 0 | 0 |
_aTP248.2 _b.A34 2013 |
| 082 | 0 | 0 |
_a660.6 _223 |
| 245 | 0 | 0 |
_aAdvances in biotechnology : _cby P.R. Gilbert. |
| 264 | 1 |
_aNew Delhi _bAnmol Publications pvt. ltd. _c2008 |
|
| 300 |
_avi, 296 pages : _billustrations ; _c24 cm. |
||
| 650 | 0 | _aBiotechnology. | |
| 906 |
_a7 _bcbc _corignew _d1 _eecip _f20 _gy-gencatlg |
||
| 942 |
_2ddc _cBK |
||